[Event "LSS SA-2020-0-00724"]
[Site "LSS email"]
[Date "2020.06.03"]
[Round "?"]
[White "Kele, Karoly"]
[Black "Lombart, Philippe"]
[Result "1/2-1/2"]
[WhiteElo "2012"]
[BlackElo "2030"]
[PlyCount "81"]
[EventDate "2020.04.10"]
[EventType "tourn (corr)"]
[EventRounds "6"]
[EventCountry "GER"]
[SourceTitle "Corr 2024"]
[Source "ChessBase"]
[SourceDate "2023.10.19"]
[SourceVersion "1"]
[SourceVersionDate "2023.10.19"]
[SourceQuality "1"]

1. Nf3 Nf6 2. c4 c5 3. Nc3 d5 4. cxd5 Nxd5 5. g3 Nc6 6. Bg2 Nc7 7. 0-0 e5 8. a3 f6 9. d3 Be7 10. Nd2 Bd7 11. Nc4 Rb8 12. Be3 b5 13. Nd2 0-0 14. f4 Nd4 15. fxe5 fxe5 16. Rxf8+ Qxf8 17. Bf2 Rd8 18. e3 Nde6 19. a4 a6 20. axb5 axb5 21. Ra7 Be8 22. Qe2 Bg6 23. Nde4 b4 24. Nb1 c4 25. dxc4 Bc5 26. Ra1 Bxe4 27. Bxe4 Ng5 28. Bg2 Qf5 29. g4 Qd7 30. h4 Qd1+ 31. Qxd1 Rxd1+ 32. Kh2 Nge6 33. Be4 Bxe3 34. Bxe3 Re1 35. Bxh7+ Kxh7 36. Bd2 Re2+ 37. Kg3 Nf4 38. Bxb4 Nce6 39. Nc3 Rxb2 40. Rb1 Rc2 41. Rh1 1/2-1/2

[Event "CP-2019-Q-00009"]
[Site "LSS email"]
[Date "2019.11.27"]
[Round "?"]
[White "Kele, Karoly"]
[Black "Grammatica, Andrea"]
[Result "1/2-1/2"]
[WhiteElo "1967"]
[BlackElo "2269"]
[PlyCount "66"]
[EventDate "2019.12.01"]
[EventType "tourn (corr)"]
[EventRounds "6"]
[EventCountry "GER"]
[SourceTitle "Corr 2022"]
[Source "ChessBase"]
[SourceDate "2021.10.24"]
[SourceVersion "1"]
[SourceVersionDate "2021.10.24"]
[SourceQuality "1"]

1. e4 e5 2. Nf3 Nc6 3. Bb5 a6 4. Ba4 Nf6 5. 0-0 Be7 6. Re1 b5 7. Bb3 0-0 8. c3 d5 9. exd5 Nxd5 10. Nxe5 Nxe5 11. Rxe5 c6 12. d4 Bd6 13. Re1 Qh4 14. g3 Qh3 15. Be3 Bg4 16. Qd3 Rae8 17. Nd2 Qh5 18. Bc2 f5 19. f3 Bh3 20. Bf2 Nf4 21. gxf4 Bxf4 22. Bg3 Qg5 23. Bb3+ Kh8 24. Nf1 h5 25. Rxe8 Rxe8 26. Bf7 Re7 27. Bxh5 Bxf1 28. Qxf1 Be3+ 29. Kh1 Qxh5 30. Qg2 f4 31. Bf2 Bxf2 32. Qxf2 Re3 33. Rg1 Qxf3+ 1/2-1/2

[Event "CP-2019-Q-00009"]
[Site "LSS email"]
[Date "2019.11.27"]
[Round "?"]
[White "Roques, Pascal"]
[Black "Kele, Karoly"]
[Result "1/2-1/2"]
[WhiteElo "2366"]
[BlackElo "1967"]
[PlyCount "83"]
[EventDate "2019.12.01"]
[EventType "tourn (corr)"]
[EventRounds "6"]
[EventCountry "GER"]
[SourceTitle "Corr 2022"]
[Source "ChessBase"]
[SourceDate "2021.10.24"]
[SourceVersion "1"]
[SourceVersionDate "2021.10.24"]
[SourceQuality "1"]

1. e4 c5 2. Nf3 e6 3. d4 cxd4 4. Nxd4 Nc6 5. Nc3 Qc7 6. Be3 a6 7. Qf3 Ne5 8. Qg3 h5 9. h4 Nf6 10. 0-0-0 d6 11. Bg5 b5 12. f4 Neg4 13. a3 Bb7 14. e5 Ne4 15. Nxe4 Bxe4 16. Bd3 Bxd3 17. Qxd3 Rc8 18. Nxe6 fxe6 19. Qg6+ Kd7 20. Rhe1 d5 21. Qf7+ Kc6 22. Qxe6+ Kb7 23. Qxd5+ Kb8 24. Rd2 Be7 25. Qe6 Bc5 26. Kb1 Qc6 27. Qb3 Rhe8 28. a4 Ka7 29. axb5 axb5 30. e6 Nf6 31. f5 Kb7 32. Red1 Ra8 33. Bxf6 gxf6 34. g4 hxg4 35. Rd7+ Ka6 36. Qg3 Qf3 37. Qc7 Bb6 38. Qd6 Red8 39. e7 Rxd7 40. Qxd7 Qe4 41. Rd5 Qe1+ 42. Rd1 1/2-1/2

[Event "SB-2019-0-00562"]
[Site "LSS email"]
[Date "2019.01.28"]
[Round "?"]
[White "Kele, Karoly"]
[Black "Paetzold, Ortwin"]
[Result "1-0"]
[WhiteElo "1936"]
[BlackElo "2016"]
[PlyCount "105"]
[EventDate "2018.12.23"]
[EventType "tourn (corr)"]
[EventRounds "6"]
[EventCountry "GER"]
[SourceTitle "Corr 2022"]
[Source "ChessBase"]
[SourceDate "2021.10.24"]
[SourceVersion "1"]
[SourceVersionDate "2021.10.24"]
[SourceQuality "1"]

1. e4 c5 2. Nf3 d6 3. d4 cxd4 4. Nxd4 Nf6 5. Nc3 a6 6. Be3 e5 7. Nb3 Be6 8. f3 Be7 9. Qd2 0-0 10. 0-0-0 Nbd7 11. g4 b5 12. g5 b4 13. Ne2 Ne8 14. f4 a5 15. f5 a4 16. Nbd4 exd4 17. Nxd4 b3 18. Kb1 bxc2+ 19. Nxc2 Bb3 20. axb3 axb3 21. Na3 d5 22. Qxd5 Bxa3 23. Qxd7 Qa5 24. Qb5 Qc7 25. Qc4 Qa5 26. Qxb3 Bb4 27. g6 Nd6 28. gxf7+ Kh8 29. f6 gxf6 30. Bd4 Rxf7 31. Rg1 Rff8 32. Qe6 Qa1+ 33. Kc2 Qa4+ 34. b3 Qa2+ 35. Kd3 Ne8 36. Ke3 Qxh2 37. Bc4 Qh6+ 38. Kd3 Ng7 39. Qg4 Ra2 40. Be3 f5 41. Bxh6 fxg4 42. Rxg4 Rf3+ 43. Kd4 Ra7 44. Rc1 Bf8 45. Bd5 Ra6 46. Bd2 h5 47. Rg2 Ba3 48. Rcg1 Bf8 49. Rg6 Raf6 50. e5 Nf5+ 51. Kc4 Rxg6 52. Rxg6 Ne7 53. Rg8+ 1-0

[Event "SB-2019-0-00562"]
[Site "LSS email"]
[Date "2019.01.28"]
[Round "?"]
[White "Sternik, Ryszard"]
[Black "Kele, Karoly"]
[Result "1/2-1/2"]
[WhiteElo "1977"]
[BlackElo "1936"]
[PlyCount "121"]
[EventDate "2018.12.23"]
[EventType "tourn (corr)"]
[EventRounds "6"]
[EventCountry "GER"]
[SourceTitle "Corr 2022"]
[Source "ChessBase"]
[SourceDate "2021.10.24"]
[SourceVersion "1"]
[SourceVersionDate "2021.10.24"]
[SourceQuality "1"]

1. e4 c5 2. Nf3 Nc6 3. Bb5 g6 4. 0-0 Bg7 5. Re1 Nf6 6. Bxc6 dxc6 7. d3 0-0 8. h3 Ne8 9. e5 Nc7 10. Nc3 Ne6 11. Ne4 b6 12. a4 a5 13. b3 Nd4 14. Bb2 h6 15. Rb1 Be6 16. Ng3 Rb8 17. c4 Bc8 18. Re4 Ne6 19. Qc2 Rb7 20. Rd1 Rd7 21. Ne2 Qc7 22. Qd2 Rfd8 23. Qc2 Qb8 24. Nf4 Nxf4 25. Rxf4 Rb7 26. Re4 Be6 27. Ree1 b5 28. Bc3 Rdd7 29. Ra1 Bf5 30. Re3 Qd8 31. Rd1 Be6 32. Rde1 Bf5 33. e6 Bxe6 34. Bxg7 Kxg7 35. Rxe6 fxe6 36. Ne5 bxa4 37. bxa4 Rd4 38. Nxc6 Qd6 39. Nxd4 Qxd4 40. Qe2 Rb2 41. Qe5+ Qxe5 42. Rxe5 Rb1+ 43. Kh2 Rb4 44. Rxe6 Kf7 45. Rc6 Rxa4 46. Rxc5 Ra3 47. g3 a4 48. Ra5 Rxd3 49. Rxa4 Kf6 50. Ra6+ e6 51. c5 Rc3 52. Rc6 h5 53. h4 Rc2 54. Kg2 Rc1 55. Rc8 g5 56. hxg5+ Kxg5 57. c6 Kf6 58. c7 Ke5 59. f4+ Kd6 60. Rh8 Rxc7 61. Rxh5 1/2-1/2

[Event "SB-2018-0-00557"]
[Site "LSS email"]
[Date "2018.12.13"]
[Round "?"]
[White "Stancl, Vladimir"]
[Black "Kele, Karoly"]
[Result "0-1"]
[WhiteElo "2078"]
[BlackElo "1932"]
[PlyCount "62"]
[EventDate "2018.11.16"]
[EventType "tourn (corr)"]
[EventRounds "6"]
[EventCountry "GER"]
[SourceTitle "Corr 2022"]
[Source "ChessBase"]
[SourceDate "2021.10.24"]
[SourceVersion "1"]
[SourceVersionDate "2021.10.24"]
[SourceQuality "1"]

1. Nf3 Nf6 2. d4 e6 3. Bf4 b6 4. e3 Bb7 5. Bd3 Be7 6. h3 c5 7. c3 0-0 8. 0-0 d5 9. Nbd2 Nbd7 10. Qe2 Ne4 11. Rad1 f5 12. Bb5 a6 13. Bxd7 Qxd7 14. Nxe4 fxe4 15. Ne5 Qe8 16. Qg4 Rf5 17. f3 exf3 18. Rxf3 a5 19. Bh2 g6 20. h4 Ba6 21. Rd2 Bf8 22. Rxf5 exf5 23. Qf3 Rd8 24. h5 Bg7 25. hxg6 hxg6 26. Bf4 cxd4 27. exd4 Rd6 28. Rd1 Bb7 29. Rd3 Re6 30. Qg3 Ba6 31. Re3 Bb5 0-1